000
00310nam a22001457a 4500
020
_a
0-439-29609-9
082
_a
823
_b
AVI/C
100
_a
AVI
245
_a
THE CHRISTMAS RAT
260
_a
NEW YORK
_b
SCHOLASTIC INC
_c
2000
300
_a
135
520
_a
ENGLISH NOVEL
650
_a
ENGLISH NOVEL
942
_c
BK
999
_c
5653
_d
5653